01542naa a22003497a 4500001001000000003000900010005001700019007000300036008003400039040005400073041000900127072003000136090001800166100001600184100002000200100002300220111008100243245009300324246009500417246005000512500012900562773010900691650001900800650001800819650002400837650001900861490011800880942001500998909004001013999001901053952012001072BR8705311BR-BrBNA20250721154520.0ta250630b bl.|||m| |||| 00| 0 por d aBR-BrBNAbporcBiblioteca Nacional de Agricultura a(Pt) aP35; P10; F01b0150bG514 aP35 BR87053111 aStone, L.F.1 aMoreira, J.A.A.1 aSilveira Filho, A.1 a14. Reuniao da Cultura do Arroz IrrigadocPelotas, RS (Brazil)d1-4 Oct 19851 aConsumo d'agua, fertilidade do solo e produtividade do arroz afetados pelo manejo d'agua1 a[Water consumption soil fertility and rice productiveness as affected by water management]1 a[Annals ot the 14. Meeting of Irrigated Rice] aAnais da 14. Reuniao da Cultura do Arroz Irrigado Pelotas, RS (Brasil): 1985. p. 271-277 [4 tables; 4 ref.] (BR8705311-AMS) 0 tAnais da 14. Reuniao da Cultura do Arroz IrrigadowP35 BR8705311gPelotas, RS (Brasil), 1985. p. 271-277 aARROZ IRRIGADO aPRODUTIVIDADE aFERTILIDADE DO SOLO aMANEJO DE AGUA aDocumentos - Centro de Pesquisa Agropecuaria de Terras Baixas de Clima Temperado (Brazil)vno. 26xISSN 0101-9708 cAMS2AGRIS a202506bLúciac55dLúcia Elande c335278d335278 002AGRIS40708AGROBASEa41918b41918l0r2025-06-30t01yAMS10d2025-06-30ePortaria Interministerial nº 164/94